000 00650nam a2200241Ia 4500
003 OSt
005 20221007103939.0
006 a|||||r|||| 00| 0
007 ta
008 221006b |||||||| |||| 00| 0 eng d
024 _a14,469
037 _cTextual
040 _aLCO
_cLCO
_beng
041 _2eng
_aeng
082 _aZ2,93, L8
100 _aChakravarty K.P.
_9705653
245 0 _aInterpretation of Statutes with General Clauses Act
260 _aAllahabad
_bCentral Law Agency India
_c1978
300 _a625
650 _aINTERPRETATION
942 _hZ2,93, L8
_cTEXL
999 _c1184032
_d1184032